[Event "XXIII Miedzynarodowy Festiwal Szachowy "]
[Site "Krakow, Hotel Galaxy  ul. Ges"]
[Date "2013.01.02"]
[Round "7.1"]
[White "Stankiewicz, Pawel"]
[Black "Reza, Wojciech"]
[Result "1/2-1/2"]
[WhiteElo "2085"]
[BlackElo "2079"]
[PlyCount "48"]
[EventDate "2013.??.??"]

1. e4 c5 2. Nf3 d6 3. d4 cxd4 4. Nxd4 Nf6 5. Nc3 a6 6. Bg5 e6 7. f4 Qb6 8. Qd2
Qxb2 9. Rb1 Qa3 10. f5 Nc6 11. fxe6 fxe6 12. Nxc6 bxc6 13. e5 dxe5 14. Bxf6
gxf6 15. Ne4 Qxa2 16. Rd1 Be7 17. Be2 O-O 18. O-O f5 19. Qh6 Qxc2 20. Rd3 Qxe2
21. Rg3+ Kf7 22. Rxf5+ exf5 23. Rg7+ Ke8 24. Qxc6+ Kd8 1/2-1/2

[Event "XXIII Miedzynarodowy Festiwal Szachowy "]
[Site "Krakow, Hotel Galaxy  ul. Ges"]
[Date "2013.01.02"]
[Round "7.2"]
[White "Zajac, Mateusz"]
[Black "Jajte-pachota, Maciej"]
[Result "1-0"]
[WhiteElo "1997"]
[BlackElo "1835"]
[PlyCount "85"]
[EventDate "2013.??.??"]

1. d4 c6 2. c4 d5 3. Nf3 Nf6 4. Nc3 e6 5. Bg5 h6 6. Bh4 Nbd7 7. e3 dxc4 8. Bxc4
Nb6 9. Bb3 Nbd5 10. O-O g5 11. Bg3 Bg7 12. Re1 Nxc3 13. bxc3 Ne4 14. Rc1 O-O
15. Be5 f6 16. Bg3 Qa5 17. Qd3 f5 18. Be5 Nf6 19. Qxf5 Kf7 20. Nd2 Qb5 21. Qc2
Ng4 22. a4 Qb6 23. Nc4 Qd8 24. Nd6+ Kg8 25. Qg6 Nxe5 26. dxe5 Bd7 27. Bc2 Rf5
28. Nxf5 exf5 29. Bb3+ Kh8 30. e6 Be8 31. Qxf5 Qe7 32. Bc2 Kg8 33. Qh7+ Kf8 34.
Bb3 Qf6 35. e7+ Kxe7 36. Qg8 Rd8 37. Red1 Bd7 38. Qc4 Rf8 39. Qb4+ Ke8 40. Qxb7
Qxf2+ 41. Kh1 Qf5 42. e4 Qg4 43. h3 1-0

[Event "XXIII Miedzynarodowy Festiwal Szachowy "]
[Site "Krakow, Hotel Galaxy  ul. Ges"]
[Date "2013.01.02"]
[Round "7.3"]
[White "Gora, Jan"]
[Black "Kalinina, Marianna"]
[Result "0-1"]
[WhiteElo "2000"]
[BlackElo "2051"]
[PlyCount "125"]
[EventDate "2013.??.??"]

1. e4 c5 2. Nf3 e6 3. d4 cxd4 4. Nxd4 a6 5. Bd3 Bc5 6. Nb3 Be7 7. Qg4 g6 8. O-O
d6 9. Qg3 Qc7 10. a4 b6 11. Be3 Nd7 12. N1d2 Ngf6 13. f4 Bb7 14. e5 Nh5 15. Qf2
Ng7 16. Nc4 Nf5 17. Bxb6 Nxb6 18. Qxb6 Qxb6+ 19. Nxb6 Rb8 20. Bxf5 gxf5 21.
exd6 Bxd6 22. a5 Rg8 23. g3 Be4 24. Rac1 h5 25. c4 h4 26. c5 Bc7 27. Rc3 hxg3
28. Rxg3 Ke7 29. Nd2 Bc6 30. Rf2 Rh8 31. Ndc4 Rbg8 32. Rxg8 Rxg8+ 33. Kf1 Bb5
34. Ke1 Rd8 35. Nd6 Bc6 36. Rd2 Kf6 37. b4 Rg8 38. Nbc4 Rg1+ 39. Kf2 Rh1 40.
Ke3 Re1+ 41. Re2 Rb1 42. Ne5 Ba4 43. Nd3 Ke7 44. Rb2 Ra1 45. Ne5 Bxd6 46. cxd6+
Kxd6 47. Nxf7+ Kd5 48. Ne5 Ra3+ 49. Kf2 Be8 50. Nf3 Ke4 51. Ng5+ Kxf4 52. Nxe6+
Kg4 53. Nc7 Bc6 54. Nxa6 Kh3 55. Nc5 Kxh2 56. Nb3 Bd5 57. Nd2 Kh3 58. Nf1 f4
59. Nd2 Kg4 60. Nb1 Rh3 61. Nd2 Be4 62. b5 Rh2+ 63. Kg1 0-1

[Event "XXIII Miedzynarodowy Festiwal Szachowy "]
[Site "Krakow, Hotel Galaxy  ul. Ges"]
[Date "2013.01.02"]
[Round "7.4"]
[White "Klimentov, Evgeny"]
[Black "Muhtarov, Leonid"]
[Result "1/2-1/2"]
[WhiteElo "1896"]
[BlackElo "2097"]
[PlyCount "73"]
[EventDate "2013.??.??"]

1. e4 c5 2. Nf3 e6 3. d4 cxd4 4. Nxd4 a6 5. Bd3 Nf6 6. c4 Qc7 7. O-O b6 8. Nc3
Bb7 9. Be3 d6 10. f4 Nbd7 11. b4 g6 12. Rc1 Rc8 13. f5 gxf5 14. exf5 Rg8 15. g3
e5 16. Nd5 Qb8 17. Nxf6+ Nxf6 18. Qa4+ Kd8 19. Nb3 Qc7 20. c5 dxc5 21. Rfd1 Nd7
22. Bxa6 Bc6 23. b5 Bf3 24. Bxc8 Kxc8 25. Rf1 Rg4 26. Qa3 e4 27. Bf4 Qxf4 28.
Qa8+ Nb8 29. Rf2 Qxf5 30. Nd4 Qg5 31. Rc3 Rxg3+ 32. hxg3 Qxg3+ 33. Kf1 Qh3+ 34.
Ke1 Qh1+ 35. Rf1 Qh4+ 36. Rf2 Qh1+ 37. Rf1 1/2-1/2

[Event "XXIII Miedzynarodowy Festiwal Szachowy "]
[Site "Krakow, Hotel Galaxy  ul. Ges"]
[Date "2013.01.02"]
[Round "7.5"]
[White "Kyc, Jerzy"]
[Black "Gawronski, Lukasz"]
[Result "1-0"]
[WhiteElo "1782"]
[BlackElo "2069"]
[PlyCount "119"]
[EventDate "2013.??.??"]

1. e4 c5 2. Nf3 Nc6 3. Nc3 Nf6 4. d4 cxd4 5. Nxd4 e5 6. Ndb5 d6 7. Bg5 a6 8.
Na3 b5 9. Nd5 Be7 10. Bxf6 Bxf6 11. c3 Bg5 12. Nc2 Rb8 13. Bd3 O-O 14. O-O Be6
15. Nce3 Ne7 16. Bc2 g6 17. Nxe7+ Qxe7 18. Nd5 Qb7 19. Bb3 a5 20. a3 Rfc8 21.
Qd3 b4 22. axb4 axb4 23. cxb4 Bd8 24. Bc4 Bxd5 25. Bxd5 Qxb4 26. Ra7 Rc7 27.
Rxc7 Bxc7 28. b3 Bb6 29. g3 Kg7 30. Kg2 Qd4 31. Qb5 Qc5 32. Qd7 Qc7 33. Qxc7
Bxc7 34. Rc1 Bd8 35. Rc6 Be7 36. Rc7 Kf8 37. Ra7 f5 38. f3 f4 39. gxf4 exf4 40.
Kf1 h5 41. Ke2 g5 42. h3 Rc8 43. Bc4 Rb8 44. Kd3 Rc8 45. Kd4 Ke8 46. Rb7 Rc5
47. b4 Bf6+ 48. Kd3 Rc8 49. Bf7+ Kd8 50. Bxh5 Rc3+ 51. Kd2 Rc7 52. Rxc7 Kxc7
53. Kd3 Bb2 54. Kc4 Ba3 55. b5 Kd7 56. Kd5 Bb4 57. b6 Ba5 58. Bg4+ Kd8 59. Kc6
d5 60. exd5 1-0

[Event "XXIII Miedzynarodowy Festiwal Szachowy "]
[Site "Krakow, Hotel Galaxy  ul. Ges"]
[Date "2013.01.02"]
[Round "7.6"]
[White "Parol, Pawel"]
[Black "Gumularz, Szymon"]
[Result "0-1"]
[WhiteElo "1984"]
[BlackElo "1762"]
[PlyCount "66"]
[EventDate "2013.??.??"]

1. d4 d5 2. c4 e6 3. Nc3 c6 4. e3 Nf6 5. Nf3 Nbd7 6. Bd3 dxc4 7. Bxc4 b5 8. Bd3
a6 9. O-O c5 10. Qe2 Be7 11. Rd1 Qb6 12. b3 O-O 13. Bb2 Bb7 14. Rac1 Rfd8 15.
Bb1 Rac8 16. dxc5 Nxc5 17. b4 Ncd7 18. a3 Bxf3 19. gxf3 Qb7 20. Ne4 Nd5 21. f4
N5f6 22. Nd6 Bxd6 23. Rxc8 Rxc8 24. Rxd6 Nb6 25. Rd1 Qe7 26. Qd3 Nbd5 27. Be5
g6 28. e4 Nb6 29. Qd4 Nfd7 30. Bd6 Qh4 31. Bd3 Qg4+ 32. Kf1 Qxd1+ 33. Kg2 Qg4+
0-1

[Event "XXIII Miedzynarodowy Festiwal Szachowy "]
[Site "Krakow, Hotel Galaxy  ul. Ges"]
[Date "2013.01.02"]
[Round "7.7"]
[White "Kardys, Zbigniew"]
[Black "Slabek, Grzegorz"]
[Result "0-1"]
[WhiteElo "1978"]
[BlackElo "2074"]
[PlyCount "62"]
[EventDate "2013.??.??"]

1. e4 g6 2. Nc3 Bg7 3. d4 d5 4. exd5 Nf6 5. Bc4 Nbd7 6. Bg5 h6 7. Bh4 g5 8. Bg3
Nb6 9. Qe2 Nbxd5 10. Nxd5 Nxd5 11. O-O-O Bf5 12. Be5 Nf6 13. h4 g4 14. h5 Qd7
15. f3 a6 16. Rh4 Rg8 17. fxg4 Bxg4 18. Nf3 Qf5 19. Kb1 Nxh5 20. Bxc7 Nf4 21.
Bxf4 Qxf4 22. Re1 e6 23. Bxe6 fxe6 24. Qc4 Kd7 25. Qb3 b5 26. d5 e5 27. d6 Rgf8
28. Rxg4 Qxg4 29. Qd5 Rae8 30. Qb7+ Ke6 31. d7 Rd8 0-1

[Event "XXIII Miedzynarodowy Festiwal Szachowy "]
[Site "Krakow, Hotel Galaxy  ul. Ges"]
[Date "2013.01.02"]
[Round "7.8"]
[White "Horoschavina, Oksana"]
[Black "Suliborski, Jakub"]
[Result "0-1"]
[WhiteElo "2063"]
[BlackElo "1979"]
[PlyCount "128"]
[EventDate "2013.??.??"]

1. e4 c5 2. Nf3 d6 3. d4 cxd4 4. Qxd4 a6 5. c4 Nc6 6. Qd2 g6 7. h3 Bg7 8. Nc3
Nf6 9. Bd3 O-O 10. O-O Bd7 11. b3 Qa5 12. Bb2 Rfc8 13. a3 Qb6 14. b4 Nd8 15. e5
dxe5 16. Nxe5 Qd6 17. Nxd7 Qxd7 18. c5 Ne6 19. Rad1 Rd8 20. Qc2 Nd4 21. Qa4 Nh5
22. Qxd7 Rxd7 23. Na4 Rad8 24. Kh1 Nb5 25. Be2 Rd2 26. Bxg7 Nxg7 27. Bf3 Rxd1
28. Rxd1 Rxd1+ 29. Bxd1 Nxa3 30. Bf3 Nc2 31. Bxb7 Nxb4 32. Kg1 Kf8 33. Kf1 Ke8
34. Ke2 Kd7 35. Kd2 Kc7 36. Bf3 Nf5 37. Kc3 Nc6 38. Be2 a5 39. Nb6 e6 40. Bd1
Ne5 41. Ba4 g5 42. Bc2 Kc6 43. g4 Nh4 44. Na4 Kb5 45. Kd4 Nhf3+ 46. Ke4 f6 47.
Ke3 Ng1 48. Nc3+ Kxc5 49. Ne4+ Kb4 50. Nxf6 Nxh3 51. f3 a4 52. Bxa4 Kxa4 53.
Nxh7 Kb5 54. Nf8 Nf4 55. Nh7 Nf7 56. Ke4 Ng6 57. Kd4 Kc6 58. Nf6 Kd6 59. Ne4+
Ke7 60. Ng3 Nh4 61. Ke3 Ne5 62. f4 Nxg4+ 63. Ke4 Nf6+ 64. Ke5 Ng6+ 0-1

[Event "XXIII Miedzynarodowy Festiwal Szachowy "]
[Site "Krakow, Hotel Galaxy  ul. Ges"]
[Date "2013.01.02"]
[Round "7.9"]
[White "Mielczarek, Daniel"]
[Black "Kasperek, Joanna"]
[Result "1/2-1/2"]
[WhiteElo "1975"]
[BlackElo "2032"]
[PlyCount "120"]
[EventDate "2013.??.??"]

1. d4 Nf6 2. Bg5 c5 3. c3 cxd4 4. Bxf6 exf6 5. Qxd4 Nc6 6. Qa4 d5 7. e3 Bc5 8.
Bd3 O-O 9. Nd2 Re8 10. O-O-O Be6 11. Nb3 Bf8 12. Nf3 a6 13. Nbd4 Ne5 14. Nxe6
Nxd3+ 15. Rxd3 fxe6 16. Rhd1 b5 17. Qb3 Qb6 18. Kd2 a5 19. Ke2 a4 20. Qc2 Rec8
21. a3 b4 22. axb4 Bxb4 23. Qb1 Bc5 24. Qa2 Rcb8 25. R3d2 Qa6+ 26. Ke1 Rb3 27.
Rc2 Rab8 28. Nd2 R3b6 29. Ra1 Ra8 30. Qb1 Qb7 31. b4 axb3 32. Rxa8+ Qxa8 33.
Rb2 Qb8 34. g3 e5 35. Rxb3 d4 36. Rxb6 Qxb6 37. Qxb6 Bxb6 38. exd4 exd4 39. c4
Kf7 40. Nb3 Ke6 41. Kd2 g5 42. Kd3 Ke5 43. Nxd4 g4 44. f4+ gxf3 45. Nxf3+ Kf5
46. h3 h5 47. Nd4+ Ke5 48. Ne2 Bf2 49. Nf4 Bxg3 50. Nxh5 Bf2 51. Ke2 Bh4 52.
Kf3 Kd4 53. Kg4 Bg5 54. Ng3 Kxc4 55. Ne4 Bc1 56. h4 Kd5 57. Kf5 Kc6 58. h5 Kd7
59. Kxf6 Ke8 60. Kg7 Ke7 1/2-1/2

[Event "XXIII Miedzynarodowy Festiwal Szachowy "]
[Site "Krakow, Hotel Galaxy  ul. Ges"]
[Date "2013.01.02"]
[Round "7.10"]
[White "Sleczka, Bartosz"]
[Black "Staroszczyk, Mateusz"]
[Result "1-0"]
[WhiteElo "1920"]
[BlackElo "2026"]
[PlyCount "103"]
[EventDate "2013.??.??"]

1. e4 e5 2. Nf3 Nc6 3. Bc4 Bc5 4. c3 Nf6 5. d3 d6 6. h3 a6 7. Bb3 Qe7 8. O-O
Ba7 9. Re1 Bd7 10. Bc2 O-O-O 11. d4 h6 12. Be3 Kb8 13. d5 Na5 14. Bxa7+ Kxa7
15. b4 Nc4 16. Qe2 Nb6 17. a4 g5 18. Nh2 h5 19. a5 Nc8 20. Na3 Ka8 21. Bd3 Na7
22. Reb1 Rhg8 23. Nf1 h4 24. Ne3 g4 25. hxg4 Nxg4 26. b5 Nxe3 27. Qxe3 axb5 28.
Nxb5 Bxb5 29. Bxb5 Qf6 30. Bf1 Qg6 31. Rb2 f5 32. exf5 Qxf5 33. Rab1 Rb8 34.
Rb4 Rg4 35. Qd3 e4 36. Qd4 h3 37. g3 h2+ 38. Kh1 Qf3+ 39. Bg2 Qe2 40. R4b2 Qa6
41. Bf1 Qxa5 42. Rxb7 Rgg8 43. Rxb8+ Rxb8 44. Rxb8+ Kxb8 45. Kxh2 Qa1 46. Bg2
Kc8 47. Bxe4 Nb5 48. Bf5+ Kd8 49. Qf6+ Ke8 50. Bg6+ Kd7 51. Qe6+ Kd8 52. Qe8#
1-0

[Event "XXIII Miedzynarodowy Festiwal Szachowy "]
[Site "Krakow, Hotel Galaxy  ul. Ges"]
[Date "2013.01.02"]
[Round "7.11"]
[White "Francuzov, Alexander"]
[Black "Pastuszko, Kinga"]
[Result "1-0"]
[WhiteElo "2019"]
[BlackElo "1916"]
[PlyCount "97"]
[EventDate "2013.??.??"]

1. d4 f5 2. Nc3 Nf6 3. Bg5 d5 4. Nf3 Nbd7 5. Ne5 Nxe5 6. dxe5 Ne4 7. Nxe4 dxe4
8. Qxd8+ Kxd8 9. g4 h6 10. Be3 e6 11. O-O-O+ Ke8 12. f3 g5 13. fxe4 f4 14. Bd4
Bg7 15. h4 Bd7 16. e3 f3 17. Bd3 Kf7 18. Rdf1 Kg6 19. h5+ Kh7 20. Rxf3 Raf8 21.
Rhf1 Rxf3 22. Rxf3 Rf8 23. Rxf8 Bxf8 24. Bxa7 Bg7 25. Bd4 Kg8 26. b4 b5 27. c4
c6 28. Kc2 Kf8 29. Kb3 Ke8 30. Bc3 Kd8 31. a4 bxa4+ 32. Kxa4 Kc7 33. Ka5 Bf8
34. Ka6 Bc8+ 35. Ka5 Be7 36. Bd4 Kb7 37. c5 Bd8+ 38. Ka4 Bd7 39. b5 cxb5+ 40.
Bxb5 Bc6 41. Kb4 Bc7 42. Bc4 Bd7 43. c6+ Bxc6 44. Bxe6 Bxe4 45. Kc5 Bc2 46. Bd7
Bd1 47. Bf5 Ba4 48. e6 Bg3 49. Bg7 1-0

[Event "XXIII Miedzynarodowy Festiwal Szachowy "]
[Site "Krakow, Hotel Galaxy  ul. Ges"]
[Date "2013.01.02"]
[Round "7.12"]
[White "Kawula, Andrzej"]
[Black "Dadello, Aleksandra"]
[Result "0-1"]
[WhiteElo "1996"]
[BlackElo "1883"]
[PlyCount "118"]
[EventDate "2013.??.??"]

1. c4 e5 2. Nc3 Nf6 3. e4 c5 4. d3 h6 5. f4 d6 6. Nf3 Nc6 7. f5 g6 8. fxg6 fxg6
9. Be2 Bg7 10. O-O O-O 11. Bd2 Be6 12. Nd5 Kh7 13. a3 a5 14. Rb1 Nd4 15. b4
axb4 16. axb4 b6 17. bxc5 bxc5 18. Nxd4 cxd4 19. Rb7 Rf7 20. Qb3 Rxb7 21. Nxf6+
Bxf6 22. Qxb7+ Bg7 23. Qb2 Rb8 24. Qc1 Qb6 25. h3 Qb2 26. Bf3 Qb3 27. Be2 Qa2
28. Bf3 Rb3 29. Qe1 Rxd3 30. Bb4 Bxc4 31. Rf2 Qa6 32. Rc2 Rb3 33. Rc1 Re3 34.
Qh4 Rb3 35. Bd2 Rb2 36. Qe1 Bd3 37. Ra1 Qxa1 38. Qxa1 Rb1+ 39. Qxb1 Bxb1 40.
Bb4 Bf8 41. h4 Kg7 42. Bd2 Kf6 43. g4 g5 44. hxg5+ hxg5 45. Bb4 Be7 46. Ba5 d5
47. exd5 e4 48. Bd1 Ke5 49. Bb3 d3 50. Bc7+ Bd6 51. Bb6 Kf4 52. Kf2 Bc2 53. Bc4
Kxg4 54. Be3 Bf4 55. d6 Bxd6 56. Be6+ Kh5 57. Bf5 d2 58. Bxe4 d1=Q 59. Bf3+ g4
0-1

[Event "XXIII Miedzynarodowy Festiwal Szachowy "]
[Site "Krakow, Hotel Galaxy  ul. Ges"]
[Date "2013.01.02"]
[Round "7.13"]
[White "Popiol, Michal"]
[Black "Puczylowski, Marcin"]
[Result "0-1"]
[WhiteElo "1859"]
[BlackElo "1991"]
[PlyCount "130"]
[EventDate "2013.??.??"]

1. d4 Nf6 2. c4 e6 3. Nf3 Bb4+ 4. Nbd2 d5 5. g3 O-O 6. Bg2 dxc4 7. Qc2 b5 8. a4
Bb7 9. axb5 a6 10. bxa6 Rxa6 11. Rxa6 Bxa6 12. O-O Qd5 13. e4 Qb5 14. e5 Nd5
15. Ng5 g6 16. Nde4 Nc6 17. Rd1 Rd8 18. Bh3 Bc8 19. Qe2 Be7 20. Qf3 Rf8 21.
Nf6+ Bxf6 22. exf6 Qb3 23. Qxb3 cxb3 24. Ne4 Ba6 25. Bf1 Bxf1 26. Kxf1 Ncb4 27.
Bd2 Nc2 28. Bc3 h6 29. Ke2 g5 30. Kd3 Kh7 31. Kc4 Nce3+ 32. fxe3 Nxe3+ 33. Kxb3
Nxd1 34. Kc4 Ne3+ 35. Kc5 Kg6 36. Ba5 Nd5 37. g4 Ra8 38. b4 h5 39. h3 hxg4 40.
hxg4 Nxf6 41. Nxf6 Kxf6 42. Bxc7 Ke7 43. b5 Kd7 44. Be5 Ra1 45. Bf6 Rc1+ 46.
Kb6 Kc8 47. Bxg5 Rg1 48. Bf6 Rxg4 49. Kc6 Rg1 50. Kd6 Rb1 51. Ke7 Rxb5 52. Kxf7
Kd7 53. Be5 Rb1 54. Kg6 Rg1+ 55. Kf6 Rg4 56. Kf7 Rg5 57. Kf6 Rf5+ 58. Kg6 Kc6
59. Bh8 Kd5 60. Bg7 Rf4 61. Kg5 Rxd4 62. Bxd4 Kxd4 63. Kf4 e5+ 64. Kf3 Kd3 65.
Kf2 e4 0-1

[Event "XXIII Miedzynarodowy Festiwal Szachowy "]
[Site "Krakow, Hotel Galaxy  ul. Ges"]
[Date "2013.01.02"]
[Round "7.14"]
[White "Puuska, Heini"]
[Black "Valkovoj, Alexandr"]
[Result "1/2-1/2"]
[WhiteElo "1984"]
[BlackElo "1855"]
[PlyCount "87"]
[EventDate "2013.??.??"]

1. d4 d5 2. Bg5 f6 3. Bh4 Nh6 4. f3 c5 5. dxc5 e5 6. Nc3 Be6 7. Bf2 Na6 8. e4
d4 9. Bb5+ Kf7 10. c6 bxc6 11. Bxa6 Qa5 12. Bd3 Rb8 13. Nge2 Rxb2 14. O-O dxc3
15. Qe1 Bc5 16. Qxc3 Bxf2+ 17. Kxf2 Qxc3 18. Nxc3 Rhb8 19. Na4 R2b4 20. Nc5 Bc4
21. Rfd1 Bxd3 22. Nxd3 Rc4 23. Rd2 Ke7 24. Rad1 Nf7 25. Ne1 Rd8 26. Rxd8 Nxd8
27. Rb1 Kd6 28. Ke3 Kc7 29. Kd3 Ra4 30. Rb2 Ne6 31. g3 Ra3+ 32. c3 Nc5+ 33. Kd2
Ra6 34. Nd3 Nd7 35. h4 Nb6 36. Ke2 Nc4 37. Rc2 Rb6 38. Nc5 Kd6 39. Nb3 Rb8 40.
Kd3 Nb6 41. c4 Nd7 42. c5+ Kc7 43. Kc4 Nf8 44. Rd2 1/2-1/2

[Event "XXIII Miedzynarodowy Festiwal Szachowy "]
[Site "Krakow, Hotel Galaxy  ul. Ges"]
[Date "2013.01.02"]
[Round "7.15"]
[White "Zaboklicki, Zbigniew"]
[Black "Kowalski, Piotr"]
[Result "0-1"]
[WhiteElo "1835"]
[BlackElo "2096"]
[PlyCount "58"]
[EventDate "2013.??.??"]

1. d4 Nf6 2. Nf3 e6 3. c4 c5 4. d5 b5 5. dxe6 fxe6 6. cxb5 Be7 7. Nc3 d5 8. e3
O-O 9. Bd3 a6 10. bxa6 Bxa6 11. O-O Nbd7 12. Ng5 Ne5 13. Bxa6 Rxa6 14. f4 Nc4
15. Qe2 Qb6 16. b3 Na5 17. Na4 Qc6 18. Ba3 Rfa8 19. Rac1 Nc4 20. Rxc4 dxc4 21.
Qxc4 Rxa4 22. bxa4 Rxa4 23. Qb3 h6 24. Nxe6 Rxa3 25. Nd4+ Rxb3 26. Nxc6 Rxe3
27. Nxe7+ Rxe7 28. Rc1 Rb7 29. h3 Ne4 0-1

[Event "XXIII Miedzynarodowy Festiwal Szachowy "]
[Site "Krakow, Hotel Galaxy  ul. Ges"]
[Date "2013.01.02"]
[Round "7.16"]
[White "Kudas, Damian"]
[Black "Svanholm, Borge Waaktaar"]
[Result "1-0"]
[WhiteElo "2083"]
[BlackElo "1906"]
[PlyCount "67"]
[EventDate "2013.??.??"]

1. d4 Nf6 2. Nf3 g6 3. c4 Bg7 4. Nc3 O-O 5. e4 d6 6. Be2 e5 7. O-O Nc6 8. d5
Ne7 9. b4 Nh5 10. Re1 f5 11. Ng5 Nf6 12. Bf3 h6 13. Ne6 Bxe6 14. dxe6 c6 15.
exf5 gxf5 16. Be3 e4 17. Be2 Ne8 18. Qd2 Kh7 19. Rad1 Qc8 20. f3 Qxe6 21. fxe4
fxe4 22. Nxe4 Nf5 23. Bd3 Kh8 24. Bf4 Be5 25. Nc5 Qe7 26. Bxe5+ dxe5 27. Bxf5
Rxf5 28. Qxh6+ Qh7 29. Qxh7+ Kxh7 30. Rd7+ Kg6 31. Nxb7 Kf6 32. Nd6 Rf4 33.
Rf7+ Kg5 34. Rxe5+ 1-0

[Event "XXIII Miedzynarodowy Festiwal Szachowy "]
[Site "Krakow, Hotel Galaxy  ul. Ges"]
[Date "2013.01.02"]
[Round "7.17"]
[White "Iivonen, Markku"]
[Black "Jopek, Krzysztof"]
[Result "1-0"]
[WhiteElo "2049"]
[BlackElo "1868"]
[PlyCount "79"]
[EventDate "2013.??.??"]

1. e4 e6 2. d4 d5 3. Nd2 Be7 4. Bd3 c5 5. c3 Nf6 6. e5 Nfd7 7. Qg4 Kf8 8. Ne2
h5 9. Qh3 cxd4 10. cxd4 Nc6 11. O-O Qb6 12. Nf3 Kg8 13. Bd2 Nf8 14. Rfc1 Bd7
15. Qg3 Be8 16. h4 f5 17. exf6 Bxf6 18. Bg5 Qd8 19. a3 Bxg5 20. Nxg5 Qf6 21.
Qc7 Qd8 22. Qg3 Qf6 23. Qe3 Rh6 24. f4 Bd7 25. b4 Rc8 26. Rc2 Ne7 27. Rac1 Rxc2
28. Rxc2 Nf5 29. Qf2 a6 30. Rc7 Nd6 31. Qe3 Bc6 32. Qe5 Qxe5 33. fxe5 Ne8 34.
Rf7 g6 35. Nf4 Ng7 36. Re7 Nf5 37. Bxf5 exf5 38. Kf2 Nd7 39. Nfe6 Nf8 40. Rg7+
1-0

[Event "XXIII Miedzynarodowy Festiwal Szachowy "]
[Site "Krakow, Hotel Galaxy  ul. Ges"]
[Date "2013.01.02"]
[Round "7.18"]
[White "Rzeznik, Lukasz"]
[Black "Janik, Andrzej"]
[Result "1/2-1/2"]
[WhiteElo "1989"]
[BlackElo "1877"]
[PlyCount "44"]
[EventDate "2013.??.??"]

1. e4 g6 2. d4 Bg7 3. Nf3 c5 4. dxc5 Qa5+ 5. c3 Qxc5 6. Be3 Qc7 7. Nbd2 Nf6 8.
Bd3 Nc6 9. O-O d5 10. h3 dxe4 11. Nxe4 O-O 12. Nxf6+ Bxf6 13. Qc2 Ne5 14. Nxe5
Qxe5 15. Rad1 Be6 16. Bd4 Qg5 17. Bxf6 exf6 18. Kh1 f5 19. f4 Qf6 20. Be2 Rad8
21. Kh2 Qe7 22. Bf3 Qc7 1/2-1/2

[Event "XXIII Miedzynarodowy Festiwal Szachowy "]
[Site "Krakow, Hotel Galaxy  ul. Ges"]
[Date "2013.01.03"]
[Round "7.19"]
[White "Jablonska, Sabina"]
[Black "Ociepka, Tomasz"]
[Result "1/2-1/2"]
[WhiteElo "1973"]
[BlackElo "1852"]
[PlyCount "161"]
[EventDate "2013.??.??"]

1. e4 e6 2. d4 d5 3. Nd2 Nf6 4. e5 Nfd7 5. f4 c5 6. c3 Nc6 7. Ndf3 Qb6 8. a3 f6
9. Nh3 cxd4 10. cxd4 Be7 11. g4 O-O 12. b4 a6 13. Qd3 fxe5 14. dxe5 Re8 15. Be3
Qd8 16. Bg2 Bh4+ 17. Ke2 Be7 18. Rac1 g6 19. Nf2 g5 20. h4 gxf4 21. Bxf4 Rf8
22. Ng5 Bxg5 23. hxg5 Qe7 24. Qe3 Qg7 25. Nd3 Rf7 26. Rh6 Nf8 27. Rch1 Ne7 28.
Rf6 Neg6 29. Bg3 Rc7 30. Kd2 a5 31. b5 Qe7 32. Nf4 Bd7 33. Nxg6 Nxg6 34. Qd3
Qe8 35. a4 Qe7 36. Ke2 Rac8 37. Rd1 Rc3 38. Rxg6+ hxg6 39. Qxg6+ Qg7 40. Qxg7+
Kxg7 41. Bh4 Rc2+ 42. Kf1 Rc1 43. Bf3 Rxd1+ 44. Bxd1 Rc1 45. Ke2 Rc4 46. Kf3
Be8 47. Be1 Bg6 48. Bxa5 Rc1 49. Ke2 Bc2 50. Kd2 Rxd1+ 51. Kxc2 Rd4 52. Kb3 Kf7
53. Bd8 Ke8 54. Bf6 Rxg4 55. a5 Kd7 56. Ka3 Rc4 57. Kb3 Rc8 58. g6 Ke8 59. Bg5
Rc5 60. Kb4 Rc4+ 61. Kb3 Rg4 62. a6 bxa6 63. bxa6 Rc4 64. a7 Rc8 65. Be3 Kd7
66. Bc5 Kc6 67. Kb4 Rg8 68. g7 Kb7 69. Bf8 Kxa7 70. Kc5 Kb7 71. Kd6 d4 72. Kxe6
d3 73. Kf7 Rxg7+ 74. Bxg7 d2 75. e6 d1=Q 76. e7 Qh5+ 77. Kf8 Qf5+ 78. Kg8 Qc8+
79. Kf7 Qd7 80. Kf8 Qd6 81. Kf7 1/2-1/2

[Event "XXIII Miedzynarodowy Festiwal Szachowy "]
[Site "Krakow, Hotel Galaxy  ul. Ges"]
[Date "2013.01.02"]
[Round "7.20"]
[White "Marczuk, Anna"]
[Black "Gluszko, Monika"]
[Result "1-0"]
[WhiteElo "1674"]
[BlackElo "1951"]
[PlyCount "123"]
[EventDate "2013.??.??"]

1. e4 c5 2. Nf3 d6 3. d4 cxd4 4. Nxd4 Nf6 5. Nc3 a6 6. f3 e6 7. Be3 b5 8. Qd2
Bb7 9. O-O-O Nbd7 10. g4 h6 11. h4 b4 12. Nce2 Qa5 13. Kb1 d5 14. Nb3 Qc7 15.
exd5 Bxd5 16. Rh3 a5 17. Nf4 a4 18. Nd4 Qb7 19. g5 Ng8 20. g6 Ngf6 21. gxf7+
Kxf7 22. Nxd5 exd5 23. Bb5 Ne5 24. b3 axb3 25. cxb3 Ra5 26. Bf4 Ng6 27. Bc6 Qa6
28. Bc7 Rc5 29. Rc1 Rxc1+ 30. Qxc1 Qd3+ 31. Nc2 Qc3 32. Ne1 Qxc1+ 33. Kxc1 Bc5
34. Bb7 Re8 35. Bg3 Be3+ 36. Kb1 Bd2 37. Nc2 d4 38. Nxd4 Bc3 39. Nb5 Re2 40.
Nxc3 bxc3 41. Rh2 Re7 42. Ba6 Ne5 43. Bxe5 Rxe5 44. Kc2 Nd5 45. Bc4 Ke6 46. f4
Rf5 47. Rf2 Kd6 48. Bxd5 Kxd5 49. Kxc3 Ke4 50. a4 g5 51. hxg5 hxg5 52. Re2+ Kf3
53. Re5 Kxf4 54. Rxf5+ Kxf5 55. a5 g4 56. a6 g3 57. a7 g2 58. a8=Q g1=Q 59.
Qd5+ Kf6 60. Qd4+ Qxd4+ 61. Kxd4 Ke6 62. Kc5 1-0

[Event "XXIII Miedzynarodowy Festiwal Szachowy "]
[Site "Krakow, Hotel Galaxy  ul. Ges"]
[Date "2013.01.02"]
[Round "7.21"]
[White "Bartoszewicz, Marcin"]
[Black "Matysiak, Samuel"]
[Result "0-1"]
[WhiteElo "1937"]
[BlackElo "1811"]
[PlyCount "66"]
[EventDate "2013.??.??"]

1. e4 c5 2. Nf3 e6 3. d4 cxd4 4. Nxd4 a6 5. c4 Bc5 6. Nb3 Ba7 7. Bd3 Nc6 8. O-O
Nge7 9. Nc3 O-O 10. Kh1 d6 11. Bf4 e5 12. Bg5 f6 13. Bd2 g5 14. Nd5 h6 15. Be2
Kg7 16. Bc3 Kh7 17. Bg4 Nxd5 18. cxd5 Ne7 19. Bb4 f5 20. exf5 Bxf5 21. Bxf5+
Nxf5 22. Qd3 Kg8 23. Rac1 Qd7 24. Qe4 Kg7 25. Bc3 Qb5 26. f4 Rae8 27. Rf3 Nh4
28. fxe5 Nxf3 29. gxf3 h5 30. e6+ Kh6 31. Nd4 Bxd4 32. Bxd4 Rf4 33. Qe3 Qxd5
0-1

[Event "XXIII Miedzynarodowy Festiwal Szachowy "]
[Site "Krakow, Hotel Galaxy  ul. Ges"]
[Date "2013.01.02"]
[Round "7.22"]
[White "Gora, Antonina"]
[Black "Kuspak, Aleksander"]
[Result "0-1"]
[WhiteElo "1842"]
[BlackElo "1918"]
[PlyCount "111"]
[EventDate "2013.??.??"]

1. e4 c5 2. Nf3 e6 3. d4 cxd4 4. Nxd4 a6 5. c4 Nf6 6. Nc3 d6 7. Bd3 g6 8. O-O
Bg7 9. Be3 O-O 10. h3 b6 11. f4 Nbd7 12. Kh1 Bb7 13. Rc1 Rc8 14. b4 Qe7 15. Nb3
d5 16. e5 dxc4 17. exf6 Nxf6 18. Bxb6 cxb3 19. Bc5 Qd7 20. Bxf8 Kxf8 21. Ne2
Rd8 22. Bb1 b2 23. Qxd7 Rxd7 24. Rc2 Nd5 25. Rd1 Ke7 26. Rcd2 Rc7 27. Nd4 Nxf4
28. Rxb2 Rc4 29. Rbd2 Bxg2+ 30. Kg1 Bd5 31. Kf1 Rxb4 32. Nc2 Ra4 33. Ne3 Ra3
34. Nxd5+ Nxd5 35. Re1 Nf4 36. Red1 Nd5 37. Re1 Ra5 38. Rd3 Rc5 39. Ra3 a5 40.
Be4 Nb4 41. Kg2 f5 42. Bb1 Bd4 43. Ra4 e5 44. Kh1 Kf6 45. a3 Nd5 46. Ba2 Nc3
47. Rxd4 exd4 48. Re6+ Kg5 49. Bb3 Ne4 50. Kg2 Kf4 51. Re7 h5 52. h4 Rc3 53.
Bd1 d3 54. Re6 Rc1 55. Bf3 Rc2+ 56. Kh3 0-1

[Event "XXIII Miedzynarodowy Festiwal Szachowy "]
[Site "Krakow, Hotel Galaxy  ul. Ges"]
[Date "2013.01.02"]
[Round "7.23"]
[White "Rychlik, Bogdan"]
[Black "Mintenko, Heorhiy"]
[Result "1-0"]
[WhiteElo "1829"]
[BlackElo "2088"]
[PlyCount "87"]
[EventDate "2013.??.??"]

1. e4 e5 2. Nf3 Nf6 3. Nxe5 d6 4. Nf3 Nxe4 5. d4 d5 6. Bd3 Nc6 7. O-O Be7 8. c3
O-O 9. Bf4 Bg4 10. h3 Bh5 11. Nbd2 f5 12. Qb3 Na5 13. Qc2 Nc6 14. Ne5 Nxe5 15.
Bxe5 c6 16. f3 Nd6 17. Rae1 h6 18. Re2 Qd7 19. Rfe1 Bh4 20. g3 Bf6 21. g4 Be8
22. Nf1 Bh4 23. Bg3 Qd8 24. Re6 Bxg3 25. Nxg3 Qh4 26. Qf2 f4 27. Nf5 Nxf5 28.
Bxf5 Qxh3 29. Re7 Bh5 30. Be6+ Bf7 31. Rxb7 Bxe6 32. Rxe6 Rae8 33. Ree7 Rxe7
34. Rxe7 h5 35. Qg2 Qh4 36. Re5 hxg4 37. Qxg4 Qh7 38. Qe6+ Kh8 39. Qxc6 Qb1+
40. Kg2 Qxb2+ 41. Kh3 Qxa2 42. Rh5+ Kg8 43. Qe6+ Rf7 44. Rf5 1-0